000
00257nam a2200097Ia 4500
008
230915s9999 xx 000 0 und d
050
_a
Z 678.N54
100
_a
SANDRA NELSON
245
0
_a
CREATING POLICIES FOR RESULTS : FROM CHAOS TO CLARITY
942
_c
BK
999
_c
206687
_d
206687